000 00481nam a2200181 4500
003 SEACOMMC
005 20260317131721.0
008 260317b |||||||| |||| 00| 0 eng d
020 _a978-8125920632
040 _aSEACOMMC
082 _a621.3815
_bS998
100 _aSalivahanan, S.
245 _aDigital Circuits And Design
_c S. Salivahanan and S. Arivazhagan
250 _a3rd ed.
260 _aKolkata
_bVikas Publication
_c2011
600 _aArivazhagan, S.
942 _cGBK
999 _c1251
_d1251